Manual práctico de dibujo técnico: introducción a los fundamentos del dibujo técnico industrial
Uloženo v:
| Hlavní autor: | |
|---|---|
| Médium: | Kniha |
| Jazyk: | španělština |
| Vydáno: |
Barcelona
Reverté
1961
|
| Témata: | |
| Tagy: |
Přidat tag
Žádné tagy, Buďte první, kdo vytvoří štítek k tomuto záznamu!
|
MARC
| LEADER | 00000nam a2200000 a 4500 | ||
|---|---|---|---|
| 001 | UCV4364 | ||
| 003 | CL-VaPUC | ||
| 008 | 911205e19610000SP |||||||||||||||||spa|d | ||
| 082 | 0 | 4 | |a 604.2 |b SCH |2 21 |
| 100 | 0 | |a Schneider, Wilhelm |e author |9 298648 | |
| 245 | 1 | 0 | |a Manual práctico de dibujo técnico: introducción a los fundamentos del dibujo técnico industrial |
| 300 | |a 332 p | ||
| 942 | |c BK | ||
| 945 | |d 19911205 00:00:00 | ||
| 260 | |a Barcelona |b Reverté |c 1961 | ||
| 650 | 0 | |a Dibujo técnico |9 298649 | |
| 583 | |a last modification |c 19911205 00:00:00 |k Rodrigo Vera | ||
| 999 | |c 211230 |d 211228 | ||
| 952 | |0 0 |1 0 |4 0 |6 604_200000000000000_SCH_1961 |7 0 |8 A |9 189770 |a BIBMEC |b BIBMEC |d 2019-11-14 |i 312715K |o 604.2 SCH 1961 |p 312715K |r 2024-01-19 |w 2019-11-14 |y BK |k MEC | ||